[Event "Olimpiade 2022 - Open"]
[Site "Chennai"]
[Date "07.08.2022"]
[Round "9.20"]
[Board "2"]
[White "Sethuraman, S.P."]
[Black "Delgado Ramirez, Neuris"]
[Result "1-0"]
[WhiteTitle "GM"]
[BlackTitle "GM"]
[WhiteElo "2623"]
[BlackElo "2614"]
[WhiteTeam "India 3"]
[BlackTeam "Paraguay"]
[WhiteFideId "5021596"]
[BlackFideId "3503631"]
[EventDate "2022.07.29"]

1. e4 c5 2. Nf3 Nc6 3. d4 cxd4 4. Nxd4 e5 5. Nb5 d6 6. c4 Nf6 7. N1c3 a6 8. Na3
g6 9. Nc2 Bg7 10. Bd3 Be6 11. O-O Rc8 12. b3 Nd7 13. Be3 Nd4 14. Ne2 Nc6 15. Qd2
Nc5 16. Nc3 f5 17. exf5 gxf5 18. Bh6 Rg8 19. Bxg7 Rxg7 20. f4 exf4 21. Be2 Ne5
22. Nd4 Qg5 23. Bf3 Bd7 24. Bd5 f3 25. Qxg5 Rxg5 26. Nxf3 Nxf3+ 27. Rxf3 b5 28.
Re1+ Kd8 29. Rd1 Kc7 30. Re3 Re8 31. Rxe8 Bxe8 32. cxb5 axb5 33. Bf3 Bc6 34.
Nd5+ Kb7 35. Kf2 Nd7 36. h4 Rg7 37. Ne3 Bxf3 38. gxf3 Kc7 39. Nxf5 Rg6 40. Rc1+
Kb7 41. Rd1 Kc7 42. Rd5 b4 43. Rd4 Ne5 44. Ne7 Rg7 45. Nd5+ Kc6 46. Nxb4+ Kc5
47. Re4 Rf7 48. f4 d5 49. Na6+ Kd6 50. Ra4 Ng6 51. Kg3 Ne7 52. Nb4 Rg7+ 53. Kf2
Rg4 54. Nd3 Rxh4 55. Ra6+ Kc7 56. b4 Nf5 57. b5 Rh2+ 58. Kf1 Nd4 59. a4 Rd2 60.
Ne5 Ra2 61. Nc6 Nf3 62. Nb4 Rd2 63. Rc6+ Kb7 64. Rc3 Nd4 65. Nxd5 Nxb5 66. Rb3
Rxd5 67. Rxb5+ 1-0

[Event "Olimpiade 2022 - Open"]
[Site "Chennai"]
[Date "07.08.2022"]
[Round "9.20"]
[Board "3"]
[White "Cubas, Jose Fernando"]
[Black "Karthikeyan, Murali"]
[Result "0-1"]
[WhiteTitle "GM"]
[BlackTitle "GM"]
[WhiteElo "2451"]
[BlackElo "2613"]
[WhiteTeam "Paraguay"]
[BlackTeam "India 3"]
[WhiteFideId "3700267"]
[BlackFideId "5074452"]
[EventDate "2022.07.29"]

1. e4 c5 2. Nf3 Nc6 3. d4 cxd4 4. Nxd4 e6 5. Nc3 Qc7 6. Be3 a6 7. Bd3 Nf6 8. O-O
h5 9. h3 Nxd4 10. Bxd4 Bc5 11. Bxc5 Qxc5 12. Na4 Qa5 13. c4 d6 14. Bc2 Qc7 15.
Rc1 Bd7 16. Qd4 e5 17. Qe3 Rd8 18. Rfd1 O-O 19. Nb6 Be6 20. b4 h4 21. Bb3 Nh5
22. c5 Qe7 23. Nd5 Bxd5 24. exd5 e4 25. Re1 f5 26. f3 Ng3 27. fxe4 fxe4 28. Bd1
Kh8 29. c6 bxc6 30. dxc6 d5 31. c7 Rc8 32. Qb6 Rf7 33. Qb8 Qf8 34. Bg4 Rxb8 35.
cxb8=Q Qxb8 36. Rc8+ Qxc8 37. Bxc8 d4 38. Bxa6 d3 39. Rd1 Ne2+ 40. Kh2 Rf2 41.
Bxd3 exd3 42. Rxd3 Rf1 43. Rf3 Ra1 44. g4 hxg3+ 0-1

[Event "Olimpiade 2022 - Open"]
[Site "Chennai"]
[Date "07.08.2022"]
[Round "9.20"]
[Board "4"]
[White "Puranik, Abhimanyu"]
[Black "Zacarias, M Ruben D"]
[Result "1-0"]
[WhiteTitle "GM"]
[BlackTitle "FM"]
[WhiteElo "2612"]
[BlackElo "2175"]
[WhiteTeam "India 3"]
[BlackTeam "Paraguay"]
[WhiteFideId "5061245"]
[BlackFideId "3700755"]
[EventDate "2022.07.29"]

1. d4 Nf6 2. Nf3 g6 3. Nbd2 c5 4. dxc5 Na6 5. e4 Nxc5 6. e5 Nd5 7. Nc4 Nb6 8.
Be3 Nxc4 9. Bxc4 Ne6 10. Qd3 Qa5+ 11. Bd2 Qc7 12. O-O-O Bg7 13. h4 h5 14. Qe4
Rb8 15. Kb1 b5 16. Bd5 Bb7 17. Be3 a5 18. Rd2 Bxd5 19. Rxd5 Qc6 20. Qd3 O-O 21.
Rxd7 Rfd8 22. Rd1 Rxd7 23. Qxd7 Qe4 24. Qxe7 Rc8 25. Rc1 Bxe5 26. Nxe5 Qxe5 27.
Qb7 Rb8 28. Qc6 b4 29. Rd1 Qf5 30. b3 Qg4 31. Rd7 Qxh4 32. Qf3 Rf8 33. Bh6 Nd4
34. Qd5 Ne2 35. Qe5 Nc3+ 36. Kb2 f6 37. Qe6+ 1-0

[Event "Olimpiade 2022 - Open"]
[Site "Chennai"]
[Date "07.08.2022"]
[Round "9.21"]
[Board "1"]
[White "Saric, Ivan"]
[Black "Meier, Georg"]
[Result "0-1"]
[WhiteTitle "GM"]
[BlackTitle "GM"]
[WhiteElo "2680"]
[BlackElo "2613"]
[WhiteTeam "Croatia"]
[BlackTeam "Uruguay"]
[WhiteFideId "14508150"]
[BlackFideId "4675789"]
[EventDate "2022.07.29"]

1. e4 e6 2. d4 d5 3. Nc3 dxe4 4. Nxe4 Nd7 5. Nf3 Ngf6 6. Nxf6+ Nxf6 7. c3 c5 8.
Be3 Qc7 9. Ne5 a6 10. Qa4+ Nd7 11. Bb5 cxd4 12. Bxd7+ Bxd7 13. Qxd4 Bb5 14. a4
Bd6 15. axb5 Bxe5 16. Qa4 O-O 17. b6 Qe7 18. O-O-O Rad8 19. g3 Rd5 20. c4 Rdd8
21. Rxd8 Rxd8 22. Rd1 Rxd1+ 23. Kxd1 Bd6 24. Kc2 Kf8 25. Qa5 Qd7 26. Kb3 Be7 27.
Kc2 Bd6 28. b3 Qc6 29. Kd2 f5 30. Ke2 Ke7 31. Qc3 Kf7 32. Qd4 e5 33. Qh4 f4 34.
gxf4 exf4 35. Qh5+ Kg8 36. Bd2 Qe4+ 37. Kd1 f3 38. Qd5+ Qxd5 39. cxd5 Bxh2 40.
Kc2 h5 41. Kd3 h4 42. Ke4 h3 43. Kxf3 Bd6 44. Bg5 Kf7 45. Bh4 Ke8 46. Bg3 Kd7
47. Bxd6 Kxd6 48. Kg3 Kxd5 49. Kxh3 Kc5 50. Kg4 Kb4 51. Kf5 Kxb3 0-1

[Event "Olimpiade 2022 - Open"]
[Site "Chennai"]
[Date "07.08.2022"]
[Round "9.21"]
[Board "2"]
[White "Hoffman, Alejandro"]
[Black "Brkic, Ante"]
[Result "1/2-1/2"]
[WhiteTitle "GM"]
[BlackTitle "GM"]
[WhiteElo "2390"]
[BlackElo "2611"]
[WhiteTeam "Uruguay"]
[BlackTeam "Croatia"]
[WhiteFideId "100340"]
[BlackFideId "14506688"]
[EventDate "2022.07.29"]

1. d4 Nf6 2. c4 e6 3. Nc3 Bb4 4. Qb3 c5 5. dxc5 Nc6 6. Nf3 Ne4 7. Bd2 Nxd2 8.
Nxd2 O-O 9. e3 Bxc5 10. Rd1 b6 11. Nde4 Be7 12. Be2 Bb7 13. O-O f5 14. Nd6 Bxd6
15. Rxd6 f4 16. Qd1 Ne5 17. Qd4 Qg5 18. f3 fxe3 19. Ne4 Bxe4 20. Qxe4 Ng6 21. g3
Nf4 22. Re1 h5 23. Bd3 Rad8 24. Rxe3 h4 25. Kf2 hxg3+ 26. hxg3 Nh3+ 27. Kg2 Nf4+
28. Kf2 Nh3+ 29. Kg2 Nf4+ 30. Kf2 Nh3+ 1/2-1/2

[Event "Olimpiade 2022 - Open"]
[Site "Chennai"]
[Date "07.08.2022"]
[Round "9.21"]
[Board "3"]
[White "Kozul, Zdenko"]
[Black "Diaz Hollemaert, Nahuel"]
[Result "1-0"]
[WhiteTitle "GM"]
[BlackTitle "IM"]
[WhiteElo "2602"]
[BlackElo "2425"]
[WhiteTeam "Croatia"]
[BlackTeam "Uruguay"]
[WhiteFideId "14502879"]
[BlackFideId "104019"]
[EventDate "2022.07.29"]

1. d4 Nf6 2. c4 e6 3. g3 d5 4. Bg2 Bb4+ 5. Bd2 Be7 6. Nf3 O-O 7. O-O c6 8. Qb3
b6 9. cxd5 cxd5 10. Rc1 Bb7 11. a4 a6 12. Ne5 Nfd7 13. Nxd7 Nxd7 14. a5 b5 15.
Bb4 Nb8 16. Bxe7 Qxe7 17. Nd2 Nc6 18. Qe3 Rac8 19. Nb3 Rc7 20. Rc5 Rd7 21. Rac1
Rd6 22. h4 Rfd8 23. f4 h6 24. h5 Kh8 25. Qd2 f6 26. e3 Qf7 27. Bf3 Rg8 28. Qg2
g5 29. hxg6 Qxg6 30. Kh2 b4 31. R5c2 Rg7 32. Qh3 Nd8 33. Nc5 Bc6 34. Bh5 Qh7 35.
Qh4 Bb5 36. Qxf6 Qf5 37. Qh4 Nc6 38. g4 Qf8 39. Ra1 Qb8 40. Kh1 Qd8 41. Qg3 Kg8
42. Rh2 Qe7 43. Qh3 e5 44. fxe5 Nxe5 45. dxe5 Qxe5 46. Nb3 Bd3 47. Nd4 Be4+ 48.
Kg1 Rc7 49. Rf2 Rf6 50. Qh2 Qxh2+ 51. Rxh2 Rc5 52. Rf2 Kg7 53. Be8 Rxf2 54. Kxf2
Kf6 55. Bc6 Ke5 56. Bb7 Bd3 57. Rh1 1-0

[Event "Olimpiade 2022 - Open"]
[Site "Chennai"]
[Date "07.08.2022"]
[Round "9.21"]
[Board "4"]
[White "Vazquez, Facundo"]
[Black "Bosiocic, Marin"]
[Result "0-1"]
[WhiteTitle "FM"]
[BlackTitle "GM"]
[WhiteElo "2336"]
[BlackElo "2549"]
[WhiteTeam "Uruguay"]
[BlackTeam "Croatia"]
[WhiteFideId "3007669"]
[BlackFideId "14507927"]
[EventDate "2022.07.29"]

1. d4 Nf6 2. c4 e6 3. Nc3 Bb4 4. e3 O-O 5. Nf3 d5 6. Bd2 Re8 7. Bd3 b6 8. cxd5
exd5 9. Ne5 Ba6 10. Bxa6 Nxa6 11. Qa4 Qc8 12. O-O Bd6 13. Nd3 c5 14. Nb5 Bb8 15.
Nf4 Ne4 16. Rfd1 Bxf4 17. exf4 c4 18. b3 Nc7 19. bxc4 Qd7 20. Qb4 dxc4 21. a4
Nxb5 22. axb5 Qxd4 23. Be3 Qc3 24. Qa4 Qb3 25. Qxb3 cxb3 26. Rdb1 f6 27. Rxb3
Rad8 28. g3 Re7 29. Kg2 Rd5 30. Rba3 Rdd7 31. Kf3 h5 32. h3 f5 33. g4 hxg4+ 34.
hxg4 g6 35. gxf5 gxf5 36. Rg1+ Rg7 37. Rh1 Rh7 38. Rg1+ Kf7 39. Rc1 Nd6 40. Rd3
Ke8 41. Rd5 Rhf7 42. Rh1 Kd8 43. Rh5 Kc7 44. Bc1 Rh7 45. Rg5 Rh3+ 46. Rg3 Rh2
47. Rg2 Rh3+ 48. Rg3 Rxg3+ 49. fxg3 Nc4 50. Rxf5 Rd1 51. Be3 Rd3 52. Rf7+ Kd8
53. Ke4 Rxe3+ 54. Kd4 Nd6 55. Rf6 Ne8 56. Rg6 Rf3 57. Kc4 Kd7 58. Kd5 Rc3 59.
Kd4 0-1

[Event "Olimpiade 2022 - Open"]
[Site "Chennai"]
[Date "07.08.2022"]
[Round "9.22"]
[Board "1"]
[White "Jobava, Baadur"]
[Black "Paragua, Mark"]
[Result "1/2-1/2"]
[WhiteTitle "GM"]
[BlackTitle "GM"]
[WhiteElo "2585"]
[BlackElo "2461"]
[WhiteTeam "Georgia"]
[BlackTeam "Philippines"]
[WhiteFideId "13601520"]
[BlackFideId "5201241"]
[EventDate "2022.07.29"]

1. e4 c5 2. c3 Nf6 3. e5 Nd5 4. Nf3 d6 5. exd6 e6 6. g3 Bxd6 7. Bg2 Nc6 8. O-O
O-O 9. d4 cxd4 10. Nxd4 Nxd4 11. Qxd4 Qc7 12. c4 Nf6 13. Nc3 Bd7 14. Nb5 Bxb5
15. cxb5 Rfd8 16. Qd3 Rac8 17. Qb3 Bc5 18. a4 h6 19. Qf3 Nd5 20. Qg4 Nf6 21. Qf3
Nd5 22. Qg4 Nf6 23. Qf3 1/2-1/2

[Event "Olimpiade 2022 - Open"]
[Site "Chennai"]
[Date "07.08.2022"]
[Round "9.22"]
[Board "2"]
[White "Gomez, John Paul"]
[Black "Mchedlishvili, Mikheil"]
[Result "1/2-1/2"]
[WhiteTitle "GM"]
[BlackTitle "GM"]
[WhiteElo "2451"]
[BlackElo "2593"]
[WhiteTeam "Philippines"]
[BlackTeam "Georgia"]
[WhiteFideId "5201381"]
[BlackFideId "13600966"]
[EventDate "2022.07.29"]

1. d4 Nf6 2. c4 g6 3. g3 Bg7 4. Bg2 O-O 5. Nc3 d6 6. Nf3 c6 7. O-O Bf5 8. b3 Ne4
9. Bb2 Nxc3 10. Bxc3 Be4 11. Nh4 Bxg2 12. Nxg2 d5 13. cxd5 cxd5 14. Rc1 Nc6 15.
e3 e6 16. Nf4 Qd7 17. Nd3 Rfc8 18. Nc5 Qe7 19. Nd3 Qd7 20. Nc5 Qe7 21. Nd3 Qd7
22. Nc5 1/2-1/2

[Event "Olimpiade 2022 - Open"]
[Site "Chennai"]
[Date "07.08.2022"]
[Round "9.22"]
[Board "3"]
[White "Paichadze, Luka"]
[Black "Laylo, Darwin"]
[Result "1/2-1/2"]
[WhiteTitle "GM"]
[BlackTitle "GM"]
[WhiteElo "2561"]
[BlackElo "2432"]
[WhiteTeam "Georgia"]
[BlackTeam "Philippines"]
[WhiteFideId "13602934"]
[BlackFideId "5201330"]
[EventDate "2022.07.29"]

1. e4 e5 2. Nf3 Nf6 3. Nxe5 d6 4. Nf3 Nxe4 5. d4 d5 6. Bd3 Nc6 7. O-O Be7 8. c4
Nb4 9. Be2 dxc4 10. Bxc4 O-O 11. Nc3 Nd6 12. Bb3 Bf6 13. Be3 Re8 14. h3 Bf5 15.
Qd2 Bd3 16. Rfc1 Bc4 17. Nb5 Bxb3 18. Qxb4 Nxb5 19. Qxb3 c6 20. a4 Nxd4 21. Bxd4
Bxd4 22. Nxd4 Qxd4 23. Qxb7 Rab8 24. Qxc6 Qxb2 25. Re1 Rxe1+ 26. Rxe1 g6 27. a5
Qb4 28. Re8+ Rxe8 29. Qxe8+ Kg7 30. Qe5+ Kg8 31. Kh2 a6 32. Qe8+ Kg7 33. Qe5+
Kg8 34. Qe8+ Kg7 35. Qe5+ Kg8 36. f4 Qb1 37. Qe8+ Kg7 38. Qe5+ Kg8 39. Qe8+ Kg7
40. Qe5+ Kg8 1/2-1/2

[Event "Olimpiade 2022 - Open"]
[Site "Chennai"]
[Date "07.08.2022"]
[Round "9.22"]
[Board "4"]
[White "Bersamina, Paulo"]
[Black "Pantsulaia, Levan"]
[Result "0-1"]
[WhiteTitle "IM"]
[BlackTitle "GM"]
[WhiteElo "2429"]
[BlackElo "2581"]
[WhiteTeam "Philippines"]
[BlackTeam "Georgia"]
[WhiteFideId "5206995"]
[BlackFideId "13602071"]
[EventDate "2022.07.29"]

1. e4 c5 2. Nf3 e6 3. d4 cxd4 4. Nxd4 a6 5. Bd3 d5 6. exd5 Qxd5 7. O-O Nd7 8.
Be3 Ngf6 9. c4 Qe5 10. Nc3 Qc7 11. f4 Bb4 12. Rc1 O-O 13. Qf3 Re8 14. Bb1 Bf8
15. a3 g6 16. b4 b6 17. Qxa8 Bb7 18. Qxe8 Nxe8 19. Ne4 Nef6 20. Nxf6+ Nxf6 21.
h3 a5 22. Nb5 Qc6 23. Rf2 axb4 24. axb4 Bxb4 25. Bd3 Bc5 26. Bxc5 Qxc5 27. Re1
Nh5 28. Re5 Qb4 29. Ree2 Qc5 30. Re5 Qe7 31. Ree2 Qh4 32. Nd6 Nxf4 33. Re3 Bxg2
34. Rxg2 Nxg2 35. Re4 Qg3 0-1

[Event "Olimpiade 2022 - Open"]
[Site "Chennai"]
[Date "07.08.2022"]
[Round "9.23"]
[Board "1"]
[White "Grandelius, Nils"]
[Black "Petkov, Momchil"]
[Result "1-0"]
[WhiteTitle "GM"]
[BlackTitle "IM"]
[WhiteElo "2655"]
[BlackElo "2510"]
[WhiteTeam "Sweden"]
[BlackTeam "Bulgaria"]
[WhiteFideId "1710400"]
[BlackFideId "2921642"]
[EventDate "2022.07.29"]

1. d4 Nf6 2. c4 e6 3. g3 d5 4. Bg2 Bb4+ 5. Bd2 a5 6. Nf3 O-O 7. a3 Be7 8. Qc2 c6
9. O-O Nbd7 10. Rc1 h6 11. e3 Ra7 12. Be1 Ne4 13. Nc3 Nxc3 14. Qxc3 b5 15. cxb5
cxb5 16. Bf1 b4 17. axb4 axb4 18. Qc6 Nb8 19. Qc2 Rxa1 20. Rxa1 Qb6 21. Ne5 Bd6
22. Qa4 Bxe5 23. dxe5 Nc6 24. Qb5 Qxb5 25. Bxb5 Bd7 26. Bxc6 Bxc6 27. Bxb4 Rb8
28. Bc3 Ra8 29. Rc1 Bb5 30. f3 Ra4 31. Kf2 Kf8 32. g4 Ke8 33. Kg3 g6 34. h4 Kd7
35. Rh1 h5 36. gxh5 gxh5 37. Rg1 Bd3 38. Bd4 Rc4 39. Ra1 Bg6 40. Kf4 Kc6 41. Kg5
Rc2 42. Ra5 Rc1 43. f4 Rh1 44. b4 Rb1 45. b5+ Kb7 46. Ra7+ Kb8 47. b6 1-0

[Event "Olimpiade 2022 - Open"]
[Site "Chennai"]
[Date "07.08.2022"]
[Round "9.23"]
[Board "2"]
[White "Stoyanov, Tsvetan"]
[Black "Blomqvist, Erik"]
[Result "1/2-1/2"]
[WhiteTitle "IM"]
[BlackTitle "GM"]
[WhiteElo "2450"]
[BlackElo "2521"]
[WhiteTeam "Bulgaria"]
[BlackTeam "Sweden"]
[WhiteFideId "2917173"]
[BlackFideId "1709437"]
[EventDate "2022.07.29"]

1. e4 c5 2. Nf3 d6 3. d4 cxd4 4. Nxd4 Nf6 5. Nc3 Nc6 6. Bc4 Qb6 7. Nxc6 bxc6 8.
O-O g6 9. Qe1 Qc7 10. Bf4 Nd7 11. Qd2 Bg7 12. Bh6 O-O 13. Bxg7 Kxg7 14. b3 Rd8
15. Rad1 Qa5 16. f4 f6 17. Kh1 Nb6 18. Be2 Be6 19. Qe3 Bf7 20. Bf3 e5 21. Be2
Qc5 22. Qxc5 dxc5 23. fxe5 fxe5 24. Ba6 Rab8 25. Kg1 c4 26. Rxd8 Rxd8 27. Rd1
Rxd1+ 28. Nxd1 cxb3 29. axb3 Kf6 30. Kf2 g5 31. Ke3 h5 32. Nf2 Ke7 33. Kd2 Nd7
34. b4 Kd6 35. Bc8 Nb6 36. Bf5 Nc4+ 37. Kd3 Ke7 38. g4 h4 39. Nh3 Kf6 40. Bd7 a5
41. bxa5 Nxa5 42. Kc3 c5 43. Bb5 Nb7 44. Bc6 Nd6 45. Kd2 Bc4 46. Ke1 Nc8 47. Nf2
Nd6 48. Nd1 Be6 49. Nf2 Bc8 50. Ke2 Ba6+ 51. Ke1 Bc8 1/2-1/2

[Event "Olimpiade 2022 - Open"]
[Site "Chennai"]
[Date "07.08.2022"]
[Round "9.23"]
[Board "3"]
[White "Hillarp Persson, Tiger"]
[Black "Yordanov, Lachezar"]
[Result "1/2-1/2"]
[WhiteTitle "GM"]
[BlackTitle "FM"]
[WhiteElo "2516"]
[BlackElo "2316"]
[WhiteTeam "Sweden"]
[BlackTeam "Bulgaria"]
[WhiteFideId "1700812"]
[BlackFideId "2918927"]
[EventDate "2022.07.29"]

1. Nf3 Nf6 2. g3 e6 3. Bg2 d5 4. O-O Be7 5. d3 O-O 6. a4 c5 7. e4 Nc6 8. e5 Nd7
9. Re1 Re8 10. h4 f6 11. exf6 Nxf6 12. Nbd2 Bd6 13. Nf1 h6 14. Ne3 e5 15. Nh2
Be6 16. Nhg4 Nxg4 17. Nxg4 Qd7 18. Ne3 Bf8 19. c4 dxc4 20. dxc4 Nd4 21. Bd2 Rad8
22. Bc3 Qf7 23. Nd5 Bd6 24. Bxd4 exd4 25. Qd2 Kh8 26. a5 Bf5 27. Rxe8+ Rxe8 28.
Re1 Rxe1+ 29. Qxe1 Qe6 30. Qd2 Qe8 31. b3 Qd8 32. Bf1 Be4 33. Bd3 Bxd3 34. Qxd3
Qxa5 35. Qe4 Qd8 36. Qe6 a6 37. f4 Qb8 38. Kg2 b5 39. f5 Be5 40. Ne7 Bf6 41.
Ng6+ Kh7 42. Qf7 Qa8+ 43. Kh2 Qf3 44. Nf8+ Kh8 45. Ng6+ Kh7 46. Nf8+ 1/2-1/2

[Event "Olimpiade 2022 - Open"]
[Site "Chennai"]
[Date "07.08.2022"]
[Round "9.23"]
[Board "4"]
[White "Georgiev, Todor"]
[Black "Westerberg, Jonathan"]
[Result "1/2-1/2"]
[BlackTitle "GM"]
[WhiteElo "2272"]
[BlackElo "2476"]
[WhiteTeam "Bulgaria"]
[BlackTeam "Sweden"]
[WhiteFideId "2916088"]
[BlackFideId "1701754"]
[EventDate "2022.07.29"]

1. d4 d5 2. c4 dxc4 3. e4 Nf6 4. e5 Nd5 5. Bxc4 Bf5 6. Qb3 c6 7. Nc3 e6 8. Be3
Nb4 9. Rc1 b5 10. Be2 Nd3+ 11. Bxd3 Bxd3 12. Qd1 Bg6 13. Nge2 Nd7 14. Nf4 Rc8
15. O-O Bf5 16. Qf3 Nb6 17. Rfd1 b4 18. Nce2 Nd5 19. Ng3 Bg6 20. Nxd5 exd5 21.
Nh5 Qd7 22. Qe2 Bxh5 23. Qxh5 Be7 24. f4 g6 25. Qf3 f5 26. Qe2 Qb7 27. Rc2 O-O
28. Rdc1 Rc7 29. Qd3 a5 30. Qb3 Qb5 31. a4 Qa6 32. Bf2 Rb8 33. h3 Rf8 34. Qf3
Rf7 35. b3 Qc8 36. Qe2 Kg7 37. Qe1 h6 38. Be3 Rf8 39. Qe2 Rf7 40. Qd3 Rf8 41.
Qe2 Rf7 42. Qe1 Rf8 43. Bf2 Qe6 44. Qe2 Qc8 45. Qe1 Qe6 46. Qe2 Qc8 47. Qe1 1/2-1/2

[Event "Olimpiade 2022 - Open"]
[Site "Chennai"]
[Date "07.08.2022"]
[Round "9.24"]
[Board "1"]
[White "Pechac, Jergus"]
[Black "Matamoros Franco, Carlos S."]
[Result "1-0"]
[WhiteTitle "GM"]
[BlackTitle "GM"]
[WhiteElo "2594"]
[BlackElo "2459"]
[WhiteTeam "Slovakia"]
[BlackTeam "Ecuador"]
[WhiteFideId "14926970"]
[BlackFideId "3600017"]
[EventDate "2022.07.29"]

1. e4 d6 2. Nc3 Nf6 3. Nf3 e5 4. d4 Nbd7 5. Bc4 Be7 6. a4 O-O 7. O-O c6 8. Re1
b6 9. d5 cxd5 10. Nxd5 Bb7 11. b3 Rc8 12. a5 Nxd5 13. exd5 bxa5 14. Bd2 Nb6 15.
Bxa5 Qd7 16. Bxb6 axb6 17. Qd3 Qc7 18. Re2 Ra8 19. Rae1 Qc5 20. Nd4 exd4 21.
Rxe7 Bxd5 22. Bxd5 Qxd5 23. R7e4 Qa5 24. Qxd4 Qc5 25. Qd3 b5 26. h3 Ra2 27. R1e2
g6 28. Rd4 Rc8 29. Rxd6 Rxc2 30. Rxc2 Qxc2 31. Rd8+ Kg7 32. Qd4+ Kh6 33. Qf4+
Kg7 34. Qe5+ Kh6 35. Rxc8 Qxc8 36. Qxb5 Qc1+ 37. Qf1 Qb2 38. Qc4 Kg7 39. b4 g5
40. b5 Qa1+ 41. Kh2 Qe5+ 42. g3 h5 43. Kg2 Qf5 44. b6 Qd7 45. Qe4 f5 46. Qa8 1-0

[Event "Olimpiade 2022 - Open"]
[Site "Chennai"]
[Date "07.08.2022"]
[Round "9.24"]
[Board "2"]
[White "Mieles Palau, Daniel"]
[Black "Gazik, Viktor"]
[Result "0-1"]
[WhiteTitle "IM"]
[BlackTitle "IM"]
[WhiteElo "2364"]
[BlackElo "2544"]
[WhiteTeam "Ecuador"]
[BlackTeam "Slovakia"]
[WhiteFideId "3600467"]
[BlackFideId "14928752"]
[EventDate "2022.07.29"]

1. e4 c5 2. Nf3 e6 3. d4 cxd4 4. Nxd4 Nf6 5. Nc3 Nc6 6. Ndb5 Bc5 7. Bf4 O-O 8.
Bc7 Qe7 9. Bd6 Bxd6 10. Qxd6 Qd8 11. Be2 a6 12. Nd4 Qb6 13. Nb3 Rd8 14. Rd1 Ne8
15. Qd2 Qc7 16. O-O b5 17. Qe3 d6 18. f4 Bb7 19. Rd2 Rac8 20. Rfd1 Na5 21. f5 b4
22. Na4 exf5 23. Nb6 f4 24. Qf2 Nxb3 25. cxb3 Rb8 26. Nd5 Bxd5 27. Rxd5 Nf6 28.
R5d4 Re8 29. Qxf4 Qa5 30. Bf3 Qxa2 31. Rxd6 Qxb2 32. Rxa6 Rb5 33. Qc7 Qxb3 34.
Rd8 Re5 35. Raa8 Qb1+ 36. Kf2 Qb2+ 37. Kf1 Qb1+ 38. Kf2 Qb2+ 39. Kf1 h6 40.
Rxe8+ Rxe8 41. Rxe8+ Nxe8 42. Qe7 Qc1+ 43. Ke2 Qc2+ 44. Ke3 Qc3+ 45. Ke2 Qc4+
46. Ke3 Nc7 47. Qd8+ Kh7 48. e5 Ne6 49. Qd3+ Qxd3+ 50. Kxd3 Kg6 51. Kc4 b3 52.
Kxb3 Nd4+ 53. Kc4 Ne6 0-1

[Event "Olimpiade 2022 - Open"]
[Site "Chennai"]
[Date "07.08.2022"]
[Round "9.24"]
[Board "3"]
[White "Repka, Christopher"]
[Black "Bastidas Rodriguez, Emilio"]
[Result "1/2-1/2"]
[WhiteTitle "GM"]
[BlackTitle "IM"]
[WhiteElo "2516"]
[BlackElo "2351"]
[WhiteTeam "Slovakia"]
[BlackTeam "Ecuador"]
[WhiteFideId "14918781"]
[BlackFideId "3600459"]
[EventDate "2022.07.29"]

1. g3 d5 2. Nf3 c6 3. Bg2 Nf6 4. O-O Bg4 5. h3 Bh5 6. d4 Nbd7 7. c4 e6 8. cxd5
exd5 9. Nh4 Bg6 10. Nc3 Be7 11. Nxg6 hxg6 12. Qd3 O-O 13. Bf3 Bd6 14. h4 Re8 15.
Kg2 Qe7 16. Rh1 Ne4 17. h5 g5 18. h6 g6 19. h7+ Kh8 20. Qe3 f6 21. Bxe4 dxe4 22.
f3 exf3+ 23. Qxf3 Bb4 24. e3 Bxc3 25. bxc3 Qe4 26. Qxe4 Rxe4 27. Rb1 b6 28. Kf3
Rae8 29. g4 R4e7 30. Rb4 Rxh7 31. Rxh7+ Kxh7 32. Ra4 a5 33. c4 c5 34. Ba3 f5 35.
dxc5 bxc5 36. Bb2 Nb6 37. Rxa5 Nxc4 38. Ra7+ Kg8 39. Bf6 Rxe3+ 40. Kf2 Re4 41.
gxf5 Rf4+ 42. Ke2 Rxf5 43. Bc3 Kf8 44. Rc7 g4 1/2-1/2

[Event "Olimpiade 2022 - Open"]
[Site "Chennai"]
[Date "07.08.2022"]
[Round "9.25"]
[Board "1"]
[White "Ferreira, Jorge Viterbo"]
[Black "Georgiadis, Nico"]
[Result "1-0"]
[WhiteTitle "GM"]
[BlackTitle "GM"]
[WhiteElo "2499"]
[BlackElo "2578"]
[WhiteTeam "Portugal"]
[BlackTeam "Switzerland"]
[WhiteFideId "1910850"]
[BlackFideId "1300113"]
[EventDate "2022.07.29"]

1. c4 e5 2. g3 c6 3. Nf3 e4 4. Nd4 d5 5. cxd5 Qxd5 6. Nc2 Nf6 7. Nc3 Qe5 8. Bg2
Na6 9. O-O Be7 10. Ne3 h5 11. d4 exd3 12. exd3 O-O 13. d4 Qc7 14. d5 Rd8 15. Qf3
Bf8 16. dxc6 bxc6 17. Qxc6 Qxc6 18. Bxc6 Rb8 19. Ned5 Nxd5 20. Bxd5 Bh3 21. Bg2
Bxg2 22. Kxg2 Rdc8 23. Na4 Nc5 24. Nxc5 Bxc5 25. Rb1 Rb7 26. Bf4 Bd4 27. b3 Rc2
28. Rbd1 Bb6 29. Rd2 Rxd2 30. Bxd2 Rd7 31. Bf4 h4 32. gxh4 Bd8 33. h5 Kh7 34.
Re1 f6 35. Re2 Ba5 36. Re6 Bb4 37. h6 g5 38. Be3 Bd2 39. Rxf6 Bxe3 40. fxe3 Rd2+
41. Rf2 Rd7 42. Kf3 Kxh6 43. e4 a5 44. e5 a4 45. Ke4 axb3 46. axb3 Rb7 47. Rf3
g4 48. Rg3 1-0

[Event "Olimpiade 2022 - Open"]
[Site "Chennai"]
[Date "07.08.2022"]
[Round "9.25"]
[Board "2"]
[White "Bogner, Sebastian"]
[Black "Galego, Luis"]
[Result "1-0"]
[WhiteTitle "GM"]
[BlackTitle "GM"]
[WhiteElo "2545"]
[BlackElo "2462"]
[WhiteTeam "Switzerland"]
[BlackTeam "Portugal"]
[WhiteFideId "4692055"]
[BlackFideId "1900072"]
[EventDate "2022.07.29"]

1. d4 Nf6 2. c4 e6 3. Nf3 Bb4+ 4. Nbd2 d5 5. Qa4+ Nc6 6. e3 O-O 7. a3 Bxd2+ 8.
Bxd2 Ne4 9. Qc2 Nxd2 10. Qxd2 Qf6 11. Qc3 Ne7 12. Rc1 c6 13. Bd3 Ng6 14. h4 Re8
15. h5 Nf8 16. Rh4 Qe7 17. h6 g6 18. e4 f5 19. e5 g5 20. Rh5 g4 21. Ng1 Ng6 22.
Ne2 dxc4 23. Bxc4 Kh8 24. f3 gxf3 25. gxf3 Bd7 26. Kf2 Rg8 27. Rg1 Be8 28. Rhg5
Bf7 29. Qe3 Rad8 30. b4 Qc7 31. Nf4 Qd7 32. Ne2 Qc7 33. Qb3 Qe7 34. Kf1 b5 35.
Bd3 Nh4 36. R5g3 Rxg3 37. Rxg3 Rg8 38. Rxg8+ Kxg8 39. f4 Nf3 40. Qc3 Qh4 41.
Qxc6 Qe1+ 42. Kg2 Nh4+ 43. Kh3 Ng6 44. Qc8+ Nf8 45. Qc1 Qxc1 46. Nxc1 Be8 47.
Kh4 Kf7 48. Kg5 Bc6 49. Ne2 Nd7 50. Nc3 Kg8 1-0